[Event "Pan American Intercollegiate-chT"]
[Site "South Padre Island"]
[Date "2009.12.29"]
[Round "5"]
[White "Kritz, Leonid"]
[Black "Gareyev, Timur"]
[Result "1-0"]
[WhiteElo "2607"]
[BlackElo "2590"]
[Annotator "Kritz,L"]
[PlyCount "81"]
[EventDate "2009.12.27"]
[EventType "team-swiss"]
[EventRounds "6"]
[EventCountry "USA"]
[SourceTitle "CBM 134"]
[Source "ChessBase"]
[SourceDate "2010.01.18"]
[SourceVersion "1"]
[SourceVersionDate "2010.01.18"]
[SourceQuality "1"]

1. e4 c5 2. Nf3 e6 3. d4 cxd4 4. Nxd4 Nc6 5. Nb5 $5 {Heute wird diese Variante
selten gespielt und das ohne Grund. Ich finde die weiße Stellung in der
Hauptvariante doch angenehmer.} d6 6. c4 Nf6 (6... a6 $6 7. N5c3 $1 Nf6 8. Be2
Be7 9. O-O O-O 10. Be3 b6 11. Nd2 $14 {Wenn Weiß stattdessen 11.Na3 spielt,
geht die Partie zur 6....Nf6 Variante über. Aber der Springer steht auf d2
viel besser als auf a3.}) 7. N1c3 (7. N5c3 $6 {Schwarz hat genug Zeit um ...d5
durchzuführen.} Be7 8. Be2 O-O 9. O-O b6 10. Be3 Bb7 11. Nd2 Rc8 12. Rc1 d5 $1
$11 {Sai - Navara (Dubai, 2005)}) 7... a6 8. Na3 Be7 (8... b6 $5 {Schwarz muss
zuerst seinen Damenflügel entwickeln.} 9. Be2 Bb7 10. O-O Ne5 $1 11. f3 Ned7
12. Be3 Be7 13. Qd2 O-O 14. Rfd1 Rc8 15. Bf1 $14 {Ich finde diese Stellung ist
etwas besser für Weiß.}) 9. Be2 O-O 10. O-O b6 11. Be3 Ne5 12. f4 $1 {Man
könnte auch in die Hauptvariante hineinkommen, indem man 12.f3 gespielt hätte.
Doch ich denke, dass Weiß sogar noch bessere Chancen hat, wenn er aktiver
spielt.} (12. f3 Bb7 13. Qd2 Ned7 14. Rfd1 {->8....b6}) 12... Ng6 $6 {Was
immer die Gründe für diesen Zug sein mögen, Schwarz sollte den Springer nach
d7 zurückziehen.} (12... Ned7 13. Bf3 Bb7 14. g4 $1 {Das ist der Plan - Weiß
spielt nun mittels g5-Bg2-Qh5} Nc5 15. Qc2 $14 d5 $2 16. Rad1 $16) 13. g3 {
Weiß bereitet den Zug Bf3 vor und nimmt dem schwarzen Springer das Feld h4.} (
13. Qb3 {Man könnte versuchen, forciert zu spielen, allerdings ist es in
Igelstellungen nicht immer die beste Methode - man kann sie kaum forciert
brechen. Es ist sinnvoller, langsam Druck aufzubauen.} Nd7 14. f5 Nge5 15. Rad1
Qc7 16. Na4 Rb8 $132 {Und Weiß hat nichts Konkretes erreicht, das Feld e5 ist
jedoch schon aufgegeben...}) (13. Bf3 Bb7 (13... Nh4 $2 14. e5 $1 Nxf3+ 15.
Qxf3 $18) 14. g3 {führt nur zu Zugumstellung.}) 13... Bb7 14. Bf3 Qc7 15. Rc1 {
Es ist immer gut, den Turm gegenüber der schwarzen Dame zu stellen - dadurch
werden beide typischen Igelvorstöße, b5 und d5, verhindert.} Rac8 16. Qe2 {
Nach Rfd8 spielt Weiß denselben Plan wie in der Partie.} Rfe8 (16... Rfd8 17.
Qf2 Nd7 18. b4 $14) 17. Qf2 Nd7 18. b4 $1 {Ich denke, Weiß sollte am
Damenflügel spielen. Schwarz hat einen furchtbar schlechten Springer auf g6
und Weiß hat seinerseits Schwierigkeiten mit dem Springer a3. Daher, um den
eigenen Springer zu aktivieren und den gegnerischen aus dem Spiel zu lassen,
spielt man am Damenflügel.} Qb8 (18... d5 {Der typische Durchbruch
funktioniert nicht:} 19. cxd5 Bxb4 20. Na4 {Weiß bekommt eine überlegene
Stellung in allen Varianten.} Qb8 (20... Nc5 21. Bxc5 Bxc5 22. Nxc5 bxc5 23.
Rfd1 exd5 24. exd5 $16) 21. dxe6 fxe6 (21... Rxc1 22. Rxc1 fxe6 (22... Bxa3 23.
exd7 Bxc1 24. dxe8=Q+ Qxe8 25. Nxb6 $18) 23. Nxb6 $1 Nxb6 24. Nc2 $1 Be7 25.
Bxb6 Rc8 26. Rb1 $18) (21... Rxe6 22. Nc2 Be7 23. f5 $18) 22. Nc2 Ba5 23. Nxb6
Bxb6 24. Bxb6 Bxe4 25. Bxe4 Qxb6 26. Qxb6 Nxb6 27. Nb4 $16) 19. Na4 $6 (19.
Rfd1 $1 {mit der Idee Na4 wäre sehr unangenehm für Schwarz gewesen.} h6 20. h4
Ngf8 21. Kg2 $16 {Weiß verstärkt langsam seine Stellung, während Schwarz die
Züge ausgehen.}) 19... d5 $2 {Mein Gegner ist ein sehr gefährlicher Taktiker
und versucht immer, dynamisch zu spielen. Wie auch immer, in dieser Stellung
führt die Spielöffnung zu Problemen. Dagegen hätte Schwarz mit ruhigen Mitteln
gutes Spiel bekommen können.} (19... Qa8 $1 20. Nxb6 {Was sonst? Zurück will
man sicherlich nicht "reiten".} Nxb6 21. Bxb6 Bxe4 22. Bxe4 Qxe4 23. Qf3 $1 {
Es ist das beste für Weiß, ins Endspiel zu gehen, weil im Mittelspiel im
langen Spiel sein König geschwächt ist.} Qxf3 24. Rxf3 Rb8 25. Ba5 $132 {
Die Partie ist ausgeglichen, beide Seiten haben ihre Chancen.}) 20. exd5 $6 {
In taktischen Komplikationen machen wir beide Fehler. Es war stärker, mit dem
anderen Bauern zu schlagen.} (20. cxd5 $1 exd5 (20... Bxb4 21. dxe6 fxe6 (21...
Bxa3 22. exd7 Rxc1 23. dxe8=Q+ Qxe8 24. Bxc1 Qxa4 25. Bxa3 Qxa3 26. Qxb6 $18) (
21... Rxe6 22. Nc2 Be7 23. f5 $18) (21... Rxc1 22. exf7+ Kxf7 23. Bxc1 $16 Bxe4
$2 24. f5 $1 Ngf8 25. Bh5+ $18) 22. Nc2 Bc5 (22... Be7 23. Nxb6 Nxb6 24. Bxb6
$18) 23. Nxb6 Bxb6 24. Bxb6 Qa8 25. Rfe1 $16) 21. exd5 Bxb4 22. Nc2 Bd6 (22...
Bc5 23. Bxc5 $1 {Es ist am besten mit dem Läufer zu nehmen.} (23. Nxc5 Nxc5 24.
Bxc5 Rxc5 25. Ne3 Rxc1 26. Rxc1 Ne7 27. Qd2 Qd6 $13) 23... Nxc5 24. Nxb6 Nd3
25. Qd2 Nxc1 26. Nxc8 Nxa2 27. Nb6 Qc7 28. Na4 $16 {Schwarz hat Probleme auch
noch mit dem Springer a2.}) 23. Nd4 $1 {Ganz einfache Lösung des Problems! Der
Springer kommt nach c6, wonach Schwarz keine Züge mehr hat.} (23. Nxb6 Rxe3 24.
Nxd7 Rxf3 25. Qxf3 (25. Nxb8 Rxf2 26. Kxf2 Rxb8 $19) 25... Qc7 26. Ne5 Bxe5 27.
fxe5 Nxe5 28. Qe4 Re8 $44 {Die weiße Stellung ist zwar besser, aber gewisse
Kompensation hat Schwarz schon.}) 23... Rxc1 24. Rxc1 b5 25. Nc6 Qa8 (25...
Bxc6 26. dxc6 {Während der Partie habe ich übersehen, dass der schwarze
Springer auf d7 hängt, daher das Nehmen mit dem e-Bauern im 20. Zug.} Nf6 27.
Nc5 $18) 26. Nc5 Rxe3 (26... Nxc5 27. Bxc5 Bxc5 28. Qxc5 $18) 27. Qxe3 (27.
Nxd7 $6 Qe8 28. Nc5 Bc8 $13) 27... Nxc5 28. Rxc5 Bxc5 29. Qxc5 $16) 20... Bxb4
$1 {Richtige Entscheidung! Nach 20...exd5 würde die Partie zu den Varianten
nach 20.exd5 übergehen.} 21. Nc2 (21. dxe6 $6 Rxe6 $1 22. f5 (22. Nc2 Bxf3 23.
Qxf3 Bc5 24. Nxc5 Nxc5 25. f5 Ne5 $15) 22... Rf6 $1 23. Bxb7 Qxb7 24. Nc2 Be7
25. Bg5 Nge5 26. Bxf6 Bxf6 $44 {Schwarz hat Kompensation, weil Weiß einen
schwachen König hat und der Bauer c4 ebenfalls hängt.}) 21... Bc5 (21... Rxc4
22. dxe6 $1 (22. Nb2 Rxc2 23. Rxc2 Bxd5 24. Nd3 Bd6 25. Bxd5 exd5 26. Bd4 $14)
22... Rxe6 (22... fxe6 23. Nb2 $18) 23. Nxb4 Rxb4 24. f5 Rf6 25. Qd2 Bxf3 26.
Qxb4 $16) (21... Bd6 22. Nd4 $5 {wieder am einfachsten} (22. Rb1 exd5 23. Nxb6
$1 Nxb6 24. Rxb6 Rxc4 25. Bxd5 Bxd5 26. Rxb8 Rxb8 27. Rd1 $14) 22... b5 23.
cxb5 axb5 24. dxe6 fxe6 25. Nc3 $16) 22. Bxc5 {Führt zu sehr schweren
Komplikationen. Das Nehmen mit dem Springer wäre besser und leichter gewesen.}
(22. Nxc5 $1 Nxc5 (22... bxc5 23. Rb1 e5 $8 24. f5 Ngf8 25. Rb3 $16 {Schwarz
hat nichts zu ziehen.}) 23. Rb1 $1 Qd6 24. dxe6 Bxf3 25. exf7+ Kxf7 26. Qxf3
$18 {Die Stellung muss technisch leicht gewonnen sein.}) 22... Nxc5 23. Nxb6 $1
(23. Nxc5 Rxc5 24. Nb4 Qc8 25. dxe6 fxe6 26. Bxb7 Qxb7 27. Qe3 Rcc8 $132 {
Schwarz hat die Schwäche e6, Weiß die Schwäche c4, die Stellung ist ungefähr
gleich.}) 23... Nd3 24. Qd4 {Stärker wäre 24.Qd2.} (24. Qd2 $1 {würde leicht
gewinnen.} Nxc1 25. Nxc8 Rxc8 (25... Nxa2 26. Nb6 Qa7 27. Qe3 $18 {/\c5}) (
25... Qxc8 26. Rxc1 Qxc4 27. Nd4 Qa4 28. dxe6 Bxf3 29. exf7+ Kxf7 30. Nxf3 $18)
26. Rxc1 $1 Rxc4 27. Rb1 Qa7+ 28. Qe3 Qa8 29. Qb3 Qa7+ 30. Ne3 Rc8 31. Qb6 Qxb6
32. Rxb6 Bxd5 33. Nxd5 exd5 34. Bxd5 $16) 24... Nxc1 25. Nxc8 {Und nun hatte
Schwarz eine grandiose Chance gehabt, die Partie zu drehen!} Qxc8 $6 (25... e5
$3 {Weiß hat eigentlich nicht viel Auswahl.} 26. Qa7 $1 (26. fxe5 Nxe5 27. Bh5
(27. Nb6 $4 Nxf3+ {Das ist die Drohung von Schwarz.} 28. Rxf3 Ne2+ $19) (27.
Kg2 Nxf3 28. Kxf3 Ne2 29. Qd3 Bxc8 30. Re1 Qe5 31. Rxe2 Qf6+ $1 32. Kg2 Bh3+ $3
33. Kxh3 Qf1+ 34. Kg4 Rxe2 $19) 27... g6 28. Nb6 gxh5 29. Qe3 Qd8 30. Rxc1 Nxc4
31. Nxc4 Rxe3 32. N2xe3 h4 $17) (26. Qd2 exf4 27. Nb6 Nxa2 28. Kg2 fxg3 29.
hxg3 Ne5 $132 {Hier ist es eine ganz andere Geschichte, erstens hat Schwarz
einen Mehrbauern; zweitens, der weiße König ist geschwächt; drittens, sogar
wenn Schwarz eine Figur für die beiden weißen Zentrumsbauern opfert, wird er
Remis erreichen.}) 26... Qxc8 27. f5 $3 (27. Rxc1 exf4 28. d6 fxg3 29. Bxb7 Qh3
$40) 27... Qxf5 $1 (27... Nxa2 28. fxg6 hxg6 29. d6 e4 30. Bg4 f5 31. Qd4 Rd8
32. Be2 $16) 28. Qxb7 Qxc2 29. Bd1 Ne2+ 30. Bxe2 Nf4 $3 31. gxf4 Qxe2 32. fxe5
Qg4+ 33. Kh1 Qe4+ $11 {Eine verrueckte Variante, die zum Remis führt. Alle
diese Züge am Brett zu finden ist beinahe unmöglich.}) (25... Rxc8 $2 {die
schlechteste Wahl} 26. Rxc1 exd5 27. Ne3 $18) 26. Rxc1 Ne7 $1 {Schwarz gleicht
fast schon aus, aber nur fast...} (26... exd5 27. cxd5 Ne7 28. Qd2 $3 $18 {
/\Ne3}) 27. Ne3 {Zweite Wahl. 27.Re1 wäre besser.} (27. Re1 $1 exd5 (27... Bxd5
28. cxd5 Qxc2 29. dxe6 Qxa2 30. Qd7 Kf8 31. Bc6 Rb8 32. exf7 Qxf7 33. Qd6 Rc8
34. Bd7 Rd8 35. Re6 a5 36. f5 $18) (27... Nxd5 28. Qa7 Qxc4 29. Qxb7 $18) 28.
Qb6 Qd7 29. Nd4 Kf8 30. c5 $14 {Weiß hat großen positionellen Vorteil.}) 27...
Nxd5 (27... Bxd5 28. Nxd5 Nxd5 29. Rd1 Nf6 30. c5 $16) 28. Rb1 $1 {Ich denke,
Weiß hat viel bessere Chancen in dem entstehenden Endspiel als in der Variante
wo er den Bauern gewinnt:} (28. Nxd5 Bxd5 (28... exd5 29. Rb1 $1 $16 {/\cd})
29. Bxd5 exd5 30. Qxd5 Re2 $1 {Schwarz muss die Initiative ergreifen.} 31. c5
g6 32. c6 Qh3 33. Qh1 Kg7 $3 {Der einzige Zug! Man muss abwarten, bis Weiß c7
zieht.} (33... Qe6 34. Qf3 Re1+ 35. Rxe1 Qxe1+ 36. Kg2 $18 {Der Bauer c6 ist
gedeckt.}) 34. c7 Qe6 35. Qf3 (35. c8=Q $4 Qe3+ 36. Kf1 Qf2#) 35... Re1+ 36.
Rxe1 Qxe1+ 37. Qf1 (37. Kg2 Qd2+ 38. Kh3 Qc1 $11) 37... Qe3+ 38. Kg2 Qd2+ 39.
Qf2 Qd5+ 40. Qf3 Qd2+ 41. Kh3 Qc1 $11) 28... Nc3 $1 {Der beste Weg. Alles
andere ist schlechter.} (28... Nxe3 29. Bxb7 $18) (28... Nxf4 29. Qxf4 $18) (
28... Nb4 29. Bxb7 Qxb7 30. c5 a5 31. a3 Nc2 32. Rxb7 Nxd4 33. Rd7 $16) 29.
Bxb7 ({Es verliert} 29. Rxb7 $2 Qxb7 $1 30. Bxb7 (30. Qxc3 Qxf3 $19) 30... Ne2+
31. Kf2 Nxd4 32. c5 Re7 33. c6 Rc7 $19) 29... Ne2+ 30. Kf2 Nxd4 31. Bxc8 Rxc8
32. Rb6 h5 $1 {Mein Gegner hat richtig gesehen, dass der Bauer a6 unantastbar
ist - die Initiative ist wichtiger!} 33. Ke1 $1 {Das wichtigste Prinzip im
Endspiel - der König muss zentralisiert werden!} (33. Rxa6 Rb8 $44) 33... a5 (
33... Nf3+ 34. Ke2 Nxh2 35. Rxa6 $16 {Mit dem Springer auf h2 hat Schwarz
wenig Chancen, die weißen Bauern aufzuhalten.}) 34. Kd2 Rd8 35. Kc3 Ne2+ 36.
Kc2 h4 $2 (36... Nd4+ {Eine bessere Chance. Allerdings waren wir beide schon
in Zeitnot, und die Züge wurden eher intuitiv gemacht.} 37. Kb2 Ne2 38. c5 Rd2+
39. Ka3 Nd4 (39... Rd3+ 40. Rb3 Rd2 41. c6 $18) 40. Nc4 Rc2 41. Nxa5 Rxc5 42.
Nb3 Nxb3 43. Kxb3 $14 {Weiß behält immer noch gute Chancen dank dem entfernten
Freibauern.}) 37. c5 hxg3 38. hxg3 Kf8 39. c6 Rd6 $4 {Ein furchtbarer
Einsteller in etwas schlechterer Stellung.} (39... Rc8 40. Kd3 Nxg3 41. Kc4 $16
{Ich denke, der weiße Bauer c6 und der aktive König sind mehr wert, als der
schwarze Mehrbauer.}) 40. c7 $1 {Typischer Trick, it's over.} Nd4+ 41. Kc3 1-0

[Event "EU-Cup 21st"]
[Site "Saint Vincent"]
[Date "2005.09.21"]
[Round "4.3"]
[White "Murtez, Hondozi"]
[Black "Goloshchapov, Alexander"]
[Result "0-1"]
[WhiteElo "2354"]
[BlackElo "2519"]
[Annotator "Kritz,L"]
[PlyCount "210"]
[EventDate "2005.09.18"]
[EventType "team-swiss"]
[EventRounds "7"]
[EventCountry "ITA"]
[SourceTitle "CBM 110"]
[Source "ChessBase"]
[SourceDate "2006.01.31"]
[SourceVersion "1"]
[SourceVersionDate "2006.01.31"]
[SourceQuality "1"]
[WhiteTeam "Pristina"]
[BlackTeam "Eynatten"]
[WhiteTeamCountry "YUG"]
[BlackTeamCountry "BEL"]

1. e4 c5 2. Nf3 Nc6 3. d4 cxd4 4. Nxd4 e6 5. g3 {Diese Variante bietet Weiß
keinerlei Chancen auf einen Eröffnungsvorteil.} Nf6 {Schwarz hat gleich
mehrere Möglichkeiten, mindestens Ausgleich zu erreichen.} (5... Bc5 6. Nb3 Be7
7. Bg2 (7. Qg4 $6 h5 $5 8. Qe2 (8. Qxg7 $2 Bf6 $19) 8... h4 $13) 7... Nf6 8.
O-O O-O 9. f4 d6 10. Be3 b6 11. Nc3 Bb7 $11 {Campora - Polugaevsky (Amsterdam,
1984)}) (5... d5 6. Bg2 (6. Nc3 Nf6 7. Bb5 Bd7 8. exd5 Nxd5 9. Nxd5 exd5 10.
O-O Be7 $11) (6. Bb5 Bd7 7. exd5 exd5 8. O-O Nf6 9. Nc3 (9. c4 Be7 (9... dxc4
$6 10. Nxc6 bxc6 (10... Bxc6 11. Re1+ Be7 12. Bxc6+ bxc6 13. Qe2 $14) 11. Re1+
Be7 12. Bxc4 O-O 13. Nc3 $14) 10. cxd5 Nxd5 $10) 9... Be7 10. Be3 O-O 11. Nb3
a6 $1 (11... Bg4 12. f3 Bh3 13. Re1 $14) (11... Ne5 12. Bxd7 Qxd7 13. Bd4 Qh3
14. Qe2 Bd6 15. f4 Neg4 16. Qg2 $1 $14) 12. Bxc6 (12. Be2 Bh3 13. Re1 Bb4 $5)
12... Bxc6 13. Bd4 a5 $1 14. a4 Qd7 $132 {Magomedov - Ye (Kuala Lumpur, 1993)})
6... dxe4 (6... Qb6 $5 7. Nb3 (7. Nxc6 bxc6 8. exd5 exd5 9. O-O Nf6 $11) 7...
dxe4 8. Bxe4 Nf6 $10) 7. Nxc6 Qxd1+ 8. Kxd1 bxc6 9. Bxe4 Bb7 10. b3 O-O-O+ 11.
Ke2 Be7 12. Bb2 (12. Ba3 Bf6) 12... Bf6 13. Nc3 (13. Bxf6 Nxf6 14. Bg2 c5 15.
Bxb7+ Kxb7 16. Nc3 $11 {Kovalev - Alexandrova (Alushta, 2003)}) 13... c5 14.
Bxb7+ Kxb7 15. Na4 Bxb2 16. Nxb2 Ne7 17. Nd3 (17. Nc4 Nd5 $1 18. Ne5 Nc3+ 19.
Ke3 Rd5 $1) 17... Kb6 18. Ne5 {Salov - Anand (Buenos Aires, 1994)} Rd5 $1 19.
f4 (19. Nxf7 $2 Rf8 20. c4 Rf5 $17) 19... f6 20. Nc4+ Kc7 $11) (5... Nxd4 6.
Qxd4 Ne7 7. Bg2 Nc6 8. Qd1 b5 $5 9. O-O Be7 10. Nc3 Rb8 $13) 6. Bg2 Qb6 {
Dieser Manöver Qb6-Qc7 mit der Idee, den weißen Springer aus dem Zentrum zu
vertreiben ist heute in vielen Varianten sehr populär geworden.} 7. Nb3 (7. Be3
Bc5 $1 {noch stäsrker als} (7... Qxb2 8. Nb3 Bb4+ 9. Kf1 Qe5 10. f4 Qb5+ 11.
Kg1 $17) 8. c3 (8. e5 Bxd4 9. Bxd4 (9. exf6 Bxe3 10. fxe3 Qxe3+ 11. Kf1 gxf6
$19) 9... Nxd4 10. exf6 Qxb2 11. fxg7 Rg8 12. Na3 e5 $1 13. O-O Qxa3 14. Re1
Qc5 $19) 8... Qxb2 9. Nd2 (9. Nb3 Bxe3 10. fxe3 Qxg2 $19) 9... Ng4 $1 $19) 7...
d6 8. Be3 Qc7 9. O-O Be7 10. Na3 $6 {Schwarz hat das Feld b6 noch nicht
geschwächt, daher ist dieser Zug ein Schlag ins Leere.} (10. c4 $5 Ne5 11. N1d2
Nxc4 (11... O-O 12. Rc1 (12. Qe2 Bd7 13. h3 Rac8 14. Rac1 $14) 12... Nd3 13.
Rb1 (13. Rc2 $2 Nb4 14. Rc1 Nxa2 $17) 13... Bd7 14. Qe2 Ne5 15. h3 Rac8 16.
Rbc1 $14) 12. Qc1 $1 (12. Rc1 Nxe3 13. Rxc7 (13. fxe3 Qb8 $17) 13... Nxd1 14.
Rxd1 b6 $1 15. e5 Nd5 16. exd6 Bxd6 $17) 12... b5 (12... d5 13. exd5 exd5 14.
Nd4 Qd7 15. Nxc4 dxc4 16. Qxc4 $16) 13. Nd4 Qd7 (13... a6 $2 14. b3 $18) 14.
Nxc4 bxc4 15. e5 (15. Qxc4 Bb7 $11) 15... Nd5 16. Nf5 $1 O-O (16... exf5 17.
Bxd5 Bb7 18. Qxc4 $16) (16... Nxe3 17. Nxg7+ Kf8 18. Bxa8 Nxf1 19. Qh6 $18) 17.
Qxc4 Nxe3 (17... Bb7 18. Nxe7+ Qxe7 19. exd6 Qxd6 20. Bc5 Rfc8 21. Bxd6 Rxc4
22. Rfc1 $14) 18. Nxe7+ Qxe7 19. fxe3 Rb8 20. exd6 Qxd6 21. Rf2 $11) 10... O-O
11. Nb5 Qb8 12. h3 (12. c4 $5 a6 13. N5d4 Ne5 14. Qe2 Qc7 15. Rac1 $14 {
Den Zug h3 braucht man momentan nicht, da nach Sg4 der Läufer einfach nach d2
gehen kann.}) 12... a6 13. N5d4 Qc7 14. Nxc6 $2 {Ein Fehler der schwere
strategische Folgen hat.} (14. f4 $5 Bd7 (14... Nxd4 $2 {Die zwei weißen
Springer haben nur ein gutes Feld für sich - d4. Daher ist es falsch, einen zu
tauschen.} 15. Nxd4 $14) (14... e5 15. Nf5 Bxf5 16. exf5 d5 17. c3 e4 18. g4
$14) 15. c3 Rac8 $11) 14... bxc6 {Es ist noch nicht offensichtlich, aber
Schwarz steht schon fast besser.} 15. c4 $2 {Ein weiterer grober Fehler - das
Feld d4 wird schwach.} (15. c3 $5 d5 16. Nd2 Rb8 17. Qc2 Bb7 18. f4 $132) 15...
Rb8 16. Qc2 (16. c5 $5 d5 17. e5 Nd7 18. f4 f6 19. exf6 Bxf6 20. Bd4 e5 21.
fxe5 Nxe5 $15) 16... c5 17. Nc1 Nd7 {Der Typische Springermanöver geht los -
der Springer muss nach d4!} 18. Ne2 Bf6 19. Rab1 Ne5 20. Bd2 Nc6 $15 {Weiß hat
nun gar kein Spiel. Schwarzen Figuren stehen ideal.} 21. a3 a5 22. Bc3 Bxc3 23.
Qxc3 e5 24. Rfd1 a4 25. Qc2 Bd7 26. Rd2 Nd4 27. Nxd4 exd4 28. Kh2 Bc6 29. Bf1
Rb3 30. Bd3 Rfb8 31. Re1 h6 32. Qc1 R8b6 33. Ree2 Rb8 34. f4 Re8 35. Qe1 f6 36.
Qf2 Re7 37. Qe1 Rb8 38. Qb1 Rbe8 39. Re1 d5 40. Rde2 dxe4 41. Bxe4 Qb7 42. Bh7+
Kf8 43. Qd3 Bf3 44. Rxe7 Rxe7 45. Rxe7 Qxb2+ 46. Qc2 Qxc2+ 47. Bxc2 Kxe7 48.
Bd3 f5 49. Kg1 Be4 50. Bxe4 fxe4 51. Kf2 h5 52. g4 Kf6 53. Ke2 Kf7 54. Kd2 Kf8
55. Ke2 Ke8 56. Kd2 Kd7 57. Ke2 Kd8 58. Kd2 Ke8 59. Ke2 Kf8 60. Kd2 Kg8 61. Ke2
Kf8 62. Kd2 Kg8 63. Ke2 Kh8 64. Kd2 Kh7 65. Ke2 Kg6 66. Kd2 Kf6 67. Ke2 g6 68.
Kd2 d3 69. Ke3 g5 70. f5 Ke5 71. Kd2 hxg4 72. hxg4 Kd4 73. f6 e3+ 74. Kd1 Kc3
75. f7 e2+ 76. Ke1 Kc2 77. f8=Q d2+ 78. Kxe2 d1=Q+ 79. Kf2 Qd4+ 80. Kf3 Qd3+
81. Kf2 Qd2+ 82. Kf3 Qd1+ 83. Kf2 Kb3 84. Qf6 Qd2+ 85. Kg3 Kxc4 86. Qf7+ Kc3
87. Qa7 Qe3+ 88. Kg2 Kb3 89. Qb6+ Kxa3 90. Qb1 Qd2+ 91. Kh1 Qd5+ 92. Kg1 Qd4+
93. Kh1 Qc3 94. Qf5 Qh3+ 95. Kg1 Qe3+ 96. Kg2 c4 97. Qf8+ Kb3 98. Qb8+ Kc2 99.
Qb5 Qe4+ 100. Kh3 Qf3+ 101. Kh2 Qf2+ 102. Kh3 Qh4+ 103. Kg2 Qxg4+ 104. Kh2 c3
105. Qd5 Qe2+ 0-1

[Event "Pamplona 9293 3rd"]
[Site "Pamplona"]
[Date "1992.??.??"]
[Round "1"]
[White "Yudasin, Leonid"]
[Black "Lautier, Joel"]
[Result "0-1"]
[WhiteElo "2635"]
[BlackElo "2580"]
[Annotator "Lautier,J"]
[PlyCount "78"]
[EventDate "1992.12.??"]
[EventType "tourn"]
[EventRounds "9"]
[EventCountry "ESP"]
[EventCategory "13"]
[SourceTitle "CBM 033"]
[Source "ChessBase"]
[SourceDate "1993.04.01"]
[SourceVersion "1"]
[SourceVersionDate "1993.04.01"]
[SourceQuality "1"]

1. e4 {Blatny,P} c5 2. Nf3 e6 3. d4 cxd4 4. Nxd4 Nc6 5. Nb5 d6 6. c4 Nf6 7.
N1c3 a6 8. Na3 Be7 9. Be2 O-O 10. O-O b6 11. Be3 Bb7 12. Qb3 Nd7 13. Rfd1 Nc5
14. Qc2 Qc7 15. Rac1 (15. Qd2 {Blatny,P /\Nc2} Rad8 16. Nc2 Ne5 17. f3 Ncd7 18.
Rac1 Nf6 19. Nd4 $14 {Karpov-Small, Luzern ol 1982}) 15... Rac8 16. Nab1 $5 {
/\ a3, b4} (16. Bf1 {Blatny,P} Rfd8 17. Qb1 Nb4 18. Nc2 Nxc2 19. Qxc2 Bf6 20.
Bd4 {Lobron-Liberzon, Ramat Hasharon 1982} Bg5 21. Rb1 e5 $10) 16... Nb4 17.
Qd2 Qb8 (17... Nxe4 $5 {Yudasin} 18. Nxe4 Nxa2 19. Nec3 (19. Nbc3 $6 Nxc1 20.
Rxc1 b5 $1 21. cxb5 axb5 22. Bxb5 Bxe4 23. Nxe4 Qxc1+ 24. Qxc1 Rxc1+ 25. Bxc1
Rc8 $15 (25... Rc8 {Blatny,P} 26. Nc3 Bf6 27. Bd2 Rb8 {=/+/-/+})) 19... Nxc1
20. Rxc1 $13) 18. f3 (18. Qe1 $5 {/\ a3} Nc6 $10) 18... Rfd8 19. Bg5 $6 (19.
Qe1 $10) 19... Bxg5 20. Qxg5 Nc6 {>< d4.} 21. Rc2 $2 (21. Rd2 e5 22. Nd5 Ba8 {
/\ b5.} (22... Qa7 $6 23. Qe3 {/\ b4, >< b6.}) 23. Nbc3 Qa7 $1 24. Qe3 Nd4 $10)
21... e5 $1 $15 22. Nd5 Ne6 23. Qe3 (23. Qd2 Ncd4 24. Ne7+ Kf8 25. Nxc8 Nxc2
26. Nxb6 (26. Nxd6 $2 Ncd4 27. Nxb7 Nxf3+ $19) (26. Qxc2 Qxc8 $15) 26... Bxe4
$1 27. Nd5 Bxd5 28. cxd5 Qb6+ 29. Kh1 Ned4 $15) 23... Ncd4 24. Rcd2 Bxd5 25.
cxd5 Nc5 26. b4 Na4 27. Bxa6 Rc7 28. Bf1 b5 29. Rf2 Rdc8 30. f4 Nc3 $1 31. Nxc3
Rxc3 32. Rd3 Rc1 33. g3 $2 (33. h3 $15) (33. h3 $142 {Blatny,P /\Kh2}) 33...
R8c4 34. a3 Qc8 $17 35. fxe5 dxe5 36. Kg2 Ra1 $6 {with the threat Nc2-+} (36...
f6 $17) 37. Qg5 $2 (37. Rxd4 $1 Rxd4 38. Bxb5 $15) 37... f6 38. Rxf6 $2 (38.
Qh5 Re1 $1 {/\ Re4} 39. Rd1 g6 40. Qh4 Rxd1 41. Bxc4 bxc4 42. Qxf6 Qe8 43. d6
Nb5 $1 $19) (38. Qd2 {Blatny,P} Rc2 39. Qe3 Rcc1 $17) (38. Qe3 {Blatny,P} Nc2
$19 {/\Ne1}) 38... Rc2+ 39. Kg1 (39. Rf2 Rxf2+ 40. Kxf2 Qf8+ $19) 39... Qh3 0-1